000 00393pab a2200157 454500
008 180718b2006 xxu||||| |||| 00| 0 eng d
100 _aMankins, Michael C.
245 _aStop making plans: start making decisions
260 _c2006
300 _ap.76-84.
362 _aJan
650 _aDecision making
700 _aSteele, Richard
773 _aHarvard Business Review
909 _a68376
999 _c68376
_d68376